000 00721nam a2200253 i 4500
001 C2-0276604
003 PPAK
005 20180728004952.0
008 061203s2006 my a|||| ||||| | may d
020 _a9833515479
040 _aPPAK
_beng
_cPPAK
_erda
082 0 4 _a297.18
_223
090 0 0 _a297.18
_bDOA
_dK
245 0 0 _aDoa seorang lelaki tua
264 1 _aKuala Lumpur :
_bScholar's Publications ,
_c2006
300 _a24 pages :
_bcolour illustrations ;
_c27 cm
336 _2rdacontent
_atext
337 _2rdamedia
_aunmediated
338 _2rdacarrier
_avolume
490 1 _aSiri kisah-kisah nabi520 \\
_avolume
650 1 0 _aIslamic stories, Malay.
830 0 _aSiri kisah-kisah nabi
942 _ddc
_cB
999 _c84025
_d84025